¿Es posible pensar alternativas a la política social neoliberal? /

Збережено в:
Бібліографічні деталі
Автор: Coraggio, José Luis
Формат: Текст
Теги: Додати тег
Немає тегів, Будьте першим, хто поставить тег для цього запису!

MARC

LEADER 00000 a a2200000 04500
001 8637
003
040
100 |a Coraggio, José Luis  
245 |a ¿Es posible pensar alternativas a la política social neoliberal? /  |c José Luis Coraggio 
773 |g número 9; páginas 52-59  
999 |c 33000  |d 33000